<?xml version="1.0" encoding="UTF-8"?>
<collection xmlns="http://www.loc.gov/MARC21/slim">
  <record>
    <leader>00000nam  2200000   4500</leader>
    <controlfield tag="001">INLIS000000000017560</controlfield>
    <controlfield tag="005">20240813091007</controlfield>
    <datafield tag="035" ind1="#" ind2="#">
      <subfield code="a">0010-0824000181</subfield>
    </datafield>
    <controlfield tag="007">ta</controlfield>
    <controlfield tag="008">240813################g##########0#ind##</controlfield>
    <datafield tag="020" ind1="#" ind2="#">
      <subfield code="a">978-623-97667-0-2</subfield>
    </datafield>
    <datafield tag="082" ind1="#" ind2="#">
      <subfield code="a">658.3</subfield>
    </datafield>
    <datafield tag="084" ind1="#" ind2="#">
      <subfield code="a">658.3 TIM h</subfield>
    </datafield>
    <datafield tag="100" ind1=" " ind2="#">
      <subfield code="a">Tim Kagama Human Capital</subfield>
    </datafield>
    <datafield tag="245" ind1="1" ind2="#">
      <subfield code="a">HCM 4.0 :</subfield>
      <subfield code="b">Peta jalan upgrade sistem manajemen SDM masa depan /</subfield>
      <subfield code="c">Tim Kagama Human Capital</subfield>
    </datafield>
    <datafield tag="260" ind1="#" ind2="#">
      <subfield code="a">Yogyakarta :</subfield>
      <subfield code="b">Kagama Human Capital,</subfield>
      <subfield code="c">2021</subfield>
    </datafield>
    <datafield tag="300" ind1="#" ind2="#">
      <subfield code="a">xxvi, 276 hal. ;</subfield>
      <subfield code="c">23 cm</subfield>
    </datafield>
    <datafield tag="650" ind1="#" ind2="4">
      <subfield code="a">Manajemen SDM</subfield>
    </datafield>
    <datafield tag="520" ind1="#" ind2="#">
      <subfield code="a">Era industri 4.0 menghadirkan banyak inovasi dan dampak kehidupan pribadi, industri dan masyarakat. Integrasi vertikal dan horisontal, internet of thing and object, smart sensors, advanced human machine interfaces, cognitive computing, augmented reality, dan banyak lagi, telah mengubah struktur dan proses bisnis. Industri 4.0 memiliki dampak dasyat pada manajemen bisnis, Rethinking dan remodeling akan terjadi pada standarisasi, jaringan komunikasi, keamanan, dasar hukum bisnis, model bisnis, desain pekerjaan, struktur kepegawaian, siklus rekayasa produk dan lain-lain.</subfield>
    </datafield>
    <datafield tag="856" ind1="#" ind2="#">
      <subfield code="a">Perpustakaan LAN Pusat</subfield>
    </datafield>
    <datafield tag="990" ind1="#" ind2="#">
      <subfield code="a">240819877</subfield>
    </datafield>
    <datafield tag="990" ind1="#" ind2="#">
      <subfield code="a">240819880</subfield>
    </datafield>
  </record>
</collection>
